THE GREAT GATSBY. (Record no. 216793)
[ view plain ]
| 000 -LEADER | |
|---|---|
| fixed length control field | 00449nam a22001577a 4500 |
| 008 - FIXED-LENGTH DATA ELEMENTS--GENERAL INFORMATION | |
| fixed length control field | 260306b |||||||| |||| 00| 0 eng d |
| 022 ## - INTERNATIONAL STANDARD SERIAL NUMBER | |
| International Standard Serial Number | 978-0-099-54153-0 |
| 050 ## - LIBRARY OF CONGRESS CALL NUMBER | |
| Classification number | PS 3511 .I9 F38 2025 |
| 100 ## - MAIN ENTRY--PERSONAL NAME | |
| Personal name | FITZGERALD, F. SCOTT |
| 245 ## - TITLE STATEMENT | |
| Title | THE GREAT GATSBY. |
| 260 ## - PUBLICATION, DISTRIBUTION, ETC. | |
| Place of publication, distribution, etc. | LONDON, |
| Name of publisher, distributor, etc. | VINTAGE CLASSICS, |
| Date of publication, distribution, etc. | 2025 |
| 300 ## - PHYSICAL DESCRIPTION | |
| Extent | 148 P |
| 650 ## - SUBJECT ADDED ENTRY | |
| Topical term or geographic name entry element | 1. TRAFFIC ACCIDENTS- FICTION 2. MARRIED WOMEN- FICTION |
| 942 ## - ADDED ENTRY ELEMENTS (KOHA) | |
| Source of classification or shelving scheme | Library of Congress Classification |
| Koha item type | Long Loan Book |
| Withdrawn status | Lost status | Source of classification or shelving scheme | Damaged status | Not for loan | Collection | Home library | Current library | Shelving location | Date acquired | Inventory number | Total checkouts | Full call number | Barcode | Date last seen | Copy number | Price effective from | Koha item type |
|---|---|---|---|---|---|---|---|---|---|---|---|---|---|---|---|---|---|
| Library of Congress Classification | Arts & Social Sciences | Kisii University Library | Kisii University Library | On Display | 03/06/2026 | 111912 | PS 3511 .I9 F58 2025 | a001180 | 03/06/2026 | 1 | 03/06/2026 | Long Loan Book | |||||
| Library of Congress Classification | Arts & Social Sciences | Kisii University Library | Kisii University Library | On Display | 03/06/2026 | 111913 | PS 3511 .I9 F58 2025 | a001178 | 03/06/2026 | 2 | 03/06/2026 | Long Loan Book | |||||
| Library of Congress Classification | Arts & Social Sciences | Kisii University Library | Kisii University Library | On Display | 03/06/2026 | 111914 | PS 3511 .I9 F58 2025 | a001177 | 03/06/2026 | 3 | 03/06/2026 | Long Loan Book | |||||
| Library of Congress Classification | Arts & Social Sciences | Kisii University Library | Kisii University Library | On Display | 03/06/2026 | 111915 | PS 3511 .I9 F58 2025 | a001176 | 03/06/2026 | 4 | 03/06/2026 | Long Loan Book | |||||
| Library of Congress Classification | Arts & Social Sciences | Kisii University Library | Kisii University Library | On Display | 03/06/2026 | 111916 | PS 3511 .I9 F58 2025 | a001175 | 03/06/2026 | 5 | 03/06/2026 | Long Loan Book |